| 000 | 00490cam a2200193ua 4500 | ||
|---|---|---|---|
| 020 | _a0 8039 2310 4 | ||
| 041 |
_aeng _h |
||
| 082 |
_a300.1 _bBRA/MU |
||
| 100 | _aBray, James H . | ||
| 245 |
_aMultivariate analysis of variance / _cJames H Bray. _hTextual Documents |
||
| 250 |
_a1 / _b. |
||
| 260 |
_aNew Delhi : _bSage Publications , _c1985. |
||
| 300 | _a80 ; . | ||
| 500 | _a**Reference | ||
| 504 | _a | ||
| 700 | 1 | _aMaxwell, Scott E . | |
| 942 | _cBK | ||
| 999 |
_c8141 _d8141 |
||